Resonancia en conductos forzados
Kaydedildi:
| Yazar: | |
|---|---|
| Materyal Türü: | Tez Kitap |
| Dil: | Undetermined |
| Baskı/Yayın Bilgisi: |
1982
|
| Konular: | |
| Etiketler: |
Etiketle
Etiket eklenmemiş, İlk siz ekleyin!
|
MARC
| LEADER | 00000nam a2200000Ia 4500 | ||
|---|---|---|---|
| 001 | 1993 | ||
| 008 | 140114s9999 xx 000 0 und d | ||
| 100 | |a Mora Fernandez, Flor de Maria | ||
| 245 | |a Resonancia en conductos forzados | ||
| 260 | |c 1982 | ||
| 500 | |a NULL | ||
| 502 | |a Escuela de ingenieria Civil | ||
| 650 | |z CONDUCTOS FORZADOS | ||
| 999 | |c 11495 |d 11495 | ||
